| 000 | 005990000a22002050004500 | ||
|---|---|---|---|
| 003 | LK-CoMWRAF | ||
| 005 | 20230920123919.0 | ||
| 008 | 230817t2004 ||||| |||| 00| 0 eng d | ||
| 020 | _a8120314999 | ||
| 040 |
_aLK-CoMWRAF _dLK-CoMWRAF _eLK-CoMWRAF |
||
| 041 | _aeng | ||
| 082 |
_a320.01 _bMUK |
||
| 100 | _aMukherjee, Subrata | ||
| 245 |
_aA History of Political Thought: _bPlato to Marx |
||
| 260 |
_aNew Delhi: _bPrentice-Hall of India, _c2004 |
||
| 300 |
_aviii, 432 p. _bBibliography and index included. |
||
| 650 | _aPOLITICAL SCIENCE-History | ||
| 700 | _aRamaswamy, Sushila | ||
| 942 | _cBK | ||
| 999 |
_c1346 _d1346 |
||